UBT Library

Cultural theory / (Record no. 342)

000 -LEADER
fixed length control field 01060cam a2200301 a 4500
005 - DATE AND TIME OF LATEST TRANSACTION
control field 20131125035614.0
008 - FIXED-LENGTH DATA ELEMENTS--GENERAL INFORMATION
fixed length control field 891228s1990 coua b 001 0 eng
020 ## - INTERNATIONAL STANDARD BOOK NUMBER
International Standard Book Number 081337863X
020 ## - INTERNATIONAL STANDARD BOOK NUMBER
International Standard Book Number 0813378648
041 ## - LANGUAGE CODE
Language code of text/sound track or separate title eng
080 ## - UNIVERSAL DECIMAL CLASSIFICATION NUMBER
Universal Decimal Classification number 342
100 1# - Rafti
Rafti Thompson, M.
100 1# - Rafti
-- (Michael),
-- 1937-
245 10 - TITLE STATEMENT
Title Cultural theory /
Statement of responsibility, etc Michael Thompson, Richard Ellis, Aaron Wildavsky.
260 ## -
-- Boulder, Colo. :
-- Westview Press,
-- 1990.
300 ## -
-- 296 f. :
-- ill. ;
-- 24 cm.
440 #0 -
-- Political cultures
500 ## -
-- Preface : f. XIII - XIV
504 ## - BIBLIOGRAPHY, ETC. NOTE
Bibliography, etc Includes bibliographical references and index.
650 #0 -
-- Kultura
650 #0 -
-- Ndryshimet sociale
650 #0 -
-- Personaliteti dhe kultura
650 #0 -
-- Tipologjia (Psikologji)
700 1# -
-- Ellis, Richard
-- (Richard J.)
700 1# -
-- Wildavsky, Aaron B.
856 42 -
-- Contributor biographical information
-- http://www.loc.gov/catdir/enhancements/fy0832/89021491-b.html
856 42 -
-- Publisher description
-- http://www.loc.gov/catdir/enhancements/fy0832/89021491-d.html
942 ## - ADDED ENTRY ELEMENTS (KOHA)
Source of classification or shelving scheme
Item type Books
Holdings
Withdrawn status Lost status Source of classification or shelving scheme Damaged status Not for loan Collection code Permanent location Current location Shelving location Date acquired Total Checkouts Full call number Barcode Date last seen Price effective from Koha item type
          Koleksioni i përgjithshem UBT - Prishtine UBT - Prishtine Koleksioni i përgjithshem 11/25/2013   342 THOM 001-000449 11/25/2013 11/25/2013 Books
UBT Library © 2015-2024. All rights reserved University Education for Business and Technology